YouTuber's Real Names - Statistics

General Stats
  • This quiz has been taken 1,387 times
    1,385 since last reset
  • The average score is 4 of 24
Answer Stats
YouTuber's Real Names YouTube Channel Name % Correct
Felix PewDiePie
89%
Mark Markiplier
77%
Sean JackSepticEye
69%
Ian M. Ssundee
29%
Rhett Good Mythical Morning
21%
Ian H. Smosh
18%
Daniel M. The Diamond Minecart
16%
Jordan CaptainSparklez
15%
Ryan nigahiga
10%
Phil Dan and Phil
9%
Dan H. Dan and Phil
8%
Arin Game Grumps
8%
Roman RomanAtwoodVlogs
8%
Matthew The Game Theorists
7%
Evan VanossGaming
6%
Dan A. Game Grumps
5%
Logan SuperMarioLogan
5%
Lloyd EpicLLOYD
4%
Peter Nice Peter
4%
Daniel P. Smosh
4%
Charles Good Mythical Morning
3%
Rafi Fine Bros Entertainment
2%
Benny Fine Bros Entertainment
2%
Thomas TomSka
2%
No matching quizzes found
Score Distribution
Percent of People with Each Score
Percentile by Number Answered
Your Score History
You have not taken this quiz since the last reset